Incremental innovation, performance and financing as key elements in logistic control of construction company

Identifikácia spôsobu, ktorý môže zvýšiť efektivitu logistického informačného systému stavebnej logistiky ako výrobného procesu v stavebníctve pri minimálnych vstupných nákladoch prostredníctvom inovácií. Opis zostavenia interdisciplinárneho inkrementálneho inovačného modelu (Model 31), jeho prvkov...

Descrizione completa

Salvato in:
Dettagli Bibliografici
Autore principale: Sorokač, Adam
Altri autori: Mišota, Branislav, Hyránek, Eduard, 1955-
Natura: Capitolo di libro
Lingua:inglese
Soggetti:
Tags: Aggiungi Tag
Nessun Tag, puoi essere il primo ad aggiungerne!!

MARC

LEADER 00000nla a2200000 4500
001 0227424
005 20240502083611.6
041 0 |a eng 
044 |a CZ 
245 1 0 |a Incremental innovation, performance and financing as key elements in logistic control of construction company  |c Adam Sorokač, Branislav Mišota, Eduard Hyránek 
520 |a Identifikácia spôsobu, ktorý môže zvýšiť efektivitu logistického informačného systému stavebnej logistiky ako výrobného procesu v stavebníctve pri minimálnych vstupných nákladoch prostredníctvom inovácií. Opis zostavenia interdisciplinárneho inkrementálneho inovačného modelu (Model 31), jeho prvkov a simulácia. 
610 2 0 |a inovácie technologické 
610 2 0 |a logistika 
610 2 0 |a modelovanie 
610 2 0 |a technológie informačné 
610 2 0 |a technológie komunikačné 
610 2 0 |a technológie nové 
100 1 |a Sorokač, Adam 
700 1 |a Mišota, Branislav 
700 1 |a Hyránek, Eduard, 1955-